[Event "FIDE World Cup 2025"]
[Site "Goa, India"]
[Date "2025.11.03"]
[Round "8.1"]
[White "Yuffa, Daniil"]
[Black "Thavandiran, Shiyam"]
[Result "1-0"]
[TimeControl ": 90 minutes for the first 40 moves, followed by 30 minutes for the rest of the gamewith an increment of 30 seconds per move starting from move 1"]
[WhiteFideId "24131423"]
[BlackFideId "2605058"]
[WhiteElo "2621"]
[BlackElo "2402"]

1. c4 {[%clk 00:05:04]} {[%emt 00:00:03]} e5 {[%clk 00:05:05]} {[%emt
00:00:01]} 2. g3 {[%clk 00:05:03]} {[%emt 00:00:03]} Nf6 {[%clk 00:05:06]}
{[%emt 00:00:03]} 3. Bg2 {[%clk 00:05:05]} {[%emt 00:00:01]} d5 {[%clk
00:05:07]} 4. cxd5 {[%clk 00:05:06]} {[%emt 00:00:02]} Nxd5 {[%clk 00:05:09]}
{[%emt 00:00:01]} 5. Nc3 {[%clk 00:05:07]} {[%emt 00:00:01]} Nb6 {[%clk
00:05:10]} {[%emt 00:00:02]} 6. Nf3 {[%clk 00:05:06]} {[%emt 00:00:04]} Nc6
{[%clk 00:05:12]} {[%emt 00:00:02]} 7. O-O {[%clk 00:05:07]} {[%emt 00:00:02]}
Be7 {[%clk 00:05:12]} {[%emt 00:00:02]} 8. a3 {[%clk 00:05:07]} {[%emt
00:00:03]} O-O {[%clk 00:05:12]} {[%emt 00:00:03]} 9. b4 {[%clk 00:05:06]}
{[%emt 00:00:03]} f6 {[%clk 00:05:05]} {[%emt 00:00:09]} 10. b5 {[%clk
00:04:40]} {[%emt 00:00:30]} Nd4 {[%clk 00:04:53]} {[%emt 00:00:14]} 11. e3
{[%clk 00:04:40]} {[%emt 00:00:08]} Nf5 {[%clk 00:04:37]} {[%emt 00:00:14]} 12.
d4 {[%clk 00:04:24]} {[%emt 00:00:20]} exd4 {[%clk 00:04:26]} {[%emt 00:00:14]}
13. Nxd4 {[%clk 00:04:22]} {[%emt 00:00:05]} Nxd4 {[%clk 00:04:23]} {[%emt
00:00:05]} 14. Qxd4 {[%clk 00:04:06]} {[%emt 00:00:26]} Bd6 {[%clk 00:04:00]}
{[%emt 00:00:19]} 15. Rd1 {[%clk 00:03:15]} {[%emt 00:00:55]} Be6 {[%clk
00:03:42]} {[%emt 00:00:21]} 16. Rb1 {[%clk 00:02:19]} {[%emt 00:01:00]} Be5
{[%clk 00:03:31]} {[%emt 00:00:12]} 17. Qc5 {[%clk 00:01:50]} {[%emt 00:00:32]}
Bxc3 {[%clk 00:02:55]} {[%emt 00:00:40]} 18. Rxd8 {[%clk 00:01:43]} {[%emt
00:00:11]} Raxd8 {[%clk 00:02:54]} {[%emt 00:00:04]} 19. Bf3 {[%clk 00:01:12]}
{[%emt 00:00:33]} Be5 {[%clk 00:02:55]} {[%emt 00:00:01]} 20. Qc2 {[%clk
00:01:05]} {[%emt 00:00:10]} Nc4 {[%clk 00:02:42]} {[%emt 00:00:23]} 21. Rb4
{[%clk 00:00:59]} {[%emt 00:00:03]} Nd6 {[%clk 00:02:36]} {[%emt 00:00:11]} 22.
Bb2 {[%clk 00:00:56]} {[%emt 00:00:03]} Rf7 {[%clk 00:01:51]} {[%emt 00:00:48]}
23. h4 {[%clk 00:00:58]} {[%emt 00:00:01]} Bxb2 {[%clk 00:01:20]} {[%emt
00:00:34]} 24. Qxb2 {[%clk 00:00:54]} {[%emt 00:00:05]} Nc4 {[%clk 00:00:37]}
{[%emt 00:00:47]} 25. Qc3 {[%clk 00:00:57]} {[%emt 00:00:01]} Ne5 {[%emt
00:00:02]} 26. Be2 {[%clk 00:00:50]} {[%emt 00:00:10]} Kh8 {[%clk 00:00:19]}
{[%emt 00:00:22]} 27. Rd4 {[%clk 00:00:49]} {[%emt 00:00:04]} Re8 {[%clk
00:00:21]} {[%emt 00:00:01]} 28. e4 {[%clk 00:00:38]} {[%emt 00:00:14]} Rfe7
{[%clk 00:00:13]} {[%emt 00:00:11]} 29. Qd2 {[%clk 00:00:38]} {[%emt 00:00:03]}
Nf7 {[%clk 00:00:13]} {[%emt 00:00:03]} 30. a4 {[%emt 00:00:07]} Nd6 {[%clk
00:00:14]} {[%emt 00:00:01]} 31. Bf3 {[%clk 00:00:21]} {[%emt 00:00:16]} Bf7
{[%clk 00:00:13]} {[%emt 00:00:03]} 32. Bg2 {[%clk 00:00:20]} {[%emt 00:00:05]}
Bg6 {[%clk 00:00:15]} {[%emt 00:00:01]} 33. f3 {[%emt 00:00:04]} f5 {[%clk
00:00:15]} {[%emt 00:00:03]} 34. exf5 {[%clk 00:00:14]} {[%emt 00:00:08]} Nxf5
{[%clk 00:00:17]} {[%emt 00:00:01]} 35. Rd8 {[%clk 00:00:14]} {[%emt 00:00:03]}
Nxg3 {[%clk 00:00:16]} {[%emt 00:00:04]} 36. Rxe8+ {[%clk 00:00:15]} {[%emt
00:00:03]} Rxe8 {[%clk 00:00:16]} {[%emt 00:00:03]} 37. Qg5 {[%emt 00:00:13]}
Nh5 {[%clk 00:00:13]} 38. f4 {[%clk 00:00:10]} {[%emt 00:00:03]} Re1+ {[%clk
00:00:09]} {[%emt 00:00:06]} 39. Kf2 {[%clk 00:00:11]} {[%emt 00:00:03]} Re8
{[%clk 00:00:05]} {[%emt 00:00:07]} 40. Bxb7 {[%clk 00:00:09]} {[%emt
00:00:04]} Rf8 {[%clk 00:00:07]} {[%emt 00:00:01]} 41. Bf3 {[%clk 00:00:07]}
{[%emt 00:00:05]} Nxf4 {[%clk 00:00:08]} {[%emt 00:00:02]} 42. Kg3 {[%emt
00:00:02]} h6 {[%clk 00:00:06]} {[%emt 00:00:04]} 43. Qe7 {[%clk 00:00:09]}
{[%emt 00:00:03]} Rf6 {[%clk 00:00:08]} {[%emt 00:00:02]} 44. Qd8+ {[%clk
00:00:08]} {[%emt 00:00:03]} Kh7 {[%clk 00:00:10]} 45. Qxc7 {[%clk 00:00:10]}
{[%emt 00:00:05]} Ne6 {[%clk 00:00:09]} 46. Qxa7 {[%clk 00:00:10]} {[%emt
00:00:03]} Bc2 {[%clk 00:00:07]} {[%emt 00:00:04]} 47. Qe3 {[%clk 00:00:11]}
{[%emt 00:00:05]} Rg6+ {[%clk 00:00:05]} {[%emt 00:00:03]} 48. Kf2 {[%clk
00:00:13]} {[%emt 00:00:01]} Rf6 49. Ke1 {[%clk 00:00:10]} {[%emt 00:00:04]}
Kh8 {[%clk 00:00:07]} {[%emt 00:00:03]} 50. Bd5 {[%clk 00:00:12]} {[%emt
00:00:03]} Nf8 {[%clk 00:00:06]} {[%emt 00:00:04]} 51. Qd4 {[%clk 00:00:12]}
{[%emt 00:00:03]} Rd6 {[%clk 00:00:06]} {[%emt 00:00:02]} 52. Qc5 {[%clk
00:00:13]} {[%emt 00:00:02]} 1-0

[Event "FIDE World Cup 2025"]
[Site "Goa, India"]
[Date "2025.11.03"]
[Round "8.2"]
[White "Adly, Ahmed"]
[Black "Grigoryan, Karen H."]
[Result "1-0"]
[TimeControl ": 90 minutes for the first 40 moves, followed by 30 minutes for the rest of the gamewith an increment of 30 seconds per move starting from move 1"]
[WhiteFideId "10601619"]
[BlackFideId "13301004"]
[WhiteElo "2589"]
[BlackElo "2481"]

1. d4 {[%clk 00:05:05]} g6 {[%clk 00:05:02]} {[%emt 00:00:05]} 2. e4 {[%clk
00:05:05]} {[%emt 00:00:03]} Bg7 {[%clk 00:05:03]} {[%emt 00:00:01]} 3. Nc3
{[%clk 00:05:07]} {[%emt 00:00:01]} d6 {[%clk 00:05:05]} {[%emt 00:00:02]} 4.
Bg5 {[%clk 00:05:07]} {[%emt 00:00:02]} h6 {[%clk 00:05:05]} {[%emt 00:00:03]}
5. Be3 {[%clk 00:05:06]} {[%emt 00:00:02]} a6 {[%clk 00:05:07]} {[%emt
00:00:02]} 6. a4 {[%clk 00:05:08]} {[%emt 00:00:02]} b6 {[%clk 00:04:56]}
{[%emt 00:00:13]} 7. Qd2 {[%clk 00:05:01]} {[%emt 00:00:11]} Bb7 {[%clk
00:04:57]} 8. Bc4 {[%clk 00:04:50]} {[%emt 00:00:14]} e6 {[%clk 00:04:57]}
{[%emt 00:00:03]} 9. h4 {[%clk 00:04:36]} {[%emt 00:00:17]} Nf6 {[%clk
00:04:55]} {[%emt 00:00:05]} 10. f3 {[%clk 00:04:37]} {[%emt 00:00:01]} d5
{[%clk 00:04:55]} {[%emt 00:00:03]} 11. exd5 {[%clk 00:04:39]} {[%emt
00:00:03]} exd5 {[%clk 00:04:46]} {[%emt 00:00:12]} 12. Bd3 {[%clk 00:04:26]}
{[%emt 00:00:15]} Nc6 {[%clk 00:04:43]} {[%emt 00:00:06]} 13. Nce2 {[%clk
00:04:21]} {[%emt 00:00:09]} Qe7 {[%clk 00:04:38]} {[%emt 00:00:09]} 14. Ng3
{[%clk 00:04:08]} {[%emt 00:00:16]} Nxd4 {[%clk 00:04:25]} {[%emt 00:00:15]} 15.
Kf1 {[%clk 00:03:46]} {[%emt 00:00:26]} Ne6 {[%clk 00:04:24]} {[%emt 00:00:03]}
16. h5 {[%clk 00:03:48]} {[%emt 00:00:02]} d4 {[%clk 00:03:59]} {[%emt
00:00:27]} 17. Bf2 {[%clk 00:03:43]} {[%emt 00:00:07]} O-O-O {[%clk 00:04:00]}
{[%emt 00:00:04]} 18. hxg6 {[%clk 00:03:31]} {[%emt 00:00:15]} fxg6 {[%clk
00:03:59]} {[%emt 00:00:04]} 19. Qe2 {[%clk 00:03:30]} {[%emt 00:00:04]} a5
{[%clk 00:03:47]} {[%emt 00:00:15]} 20. Re1 {[%clk 00:03:19]} {[%emt 00:00:14]}
Bd5 {[%clk 00:03:41]} {[%emt 00:00:10]} 21. Bxg6 {[%clk 00:03:12]} {[%emt
00:00:09]} Qb4 {[%clk 00:03:37]} {[%emt 00:00:06]} 22. Nh3 {[%clk 00:02:19]}
{[%emt 00:00:56]} Nc5 {[%clk 00:03:32]} {[%emt 00:00:08]} 23. Kg1 {[%clk
00:02:04]} {[%emt 00:00:18]} Nfd7 {[%clk 00:03:22]} {[%emt 00:00:14]} 24. Nf5
{[%clk 00:02:01]} {[%emt 00:00:06]} Ne5 {[%clk 00:03:18]} {[%emt 00:00:07]} 25.
Nf4 {[%clk 00:01:54]} {[%emt 00:00:11]} d3 {[%clk 00:03:11]} {[%emt 00:00:10]}
26. Nxd5 {[%clk 00:01:51]} {[%emt 00:00:04]} dxe2 {[%clk 00:03:04]} {[%emt
00:00:10]} 27. Nxb4 {[%clk 00:01:52]} {[%emt 00:00:03]} axb4 {[%clk 00:02:55]}
{[%emt 00:00:12]} 28. Nxg7 {[%clk 00:01:30]} {[%emt 00:00:25]} Nxg6 {[%clk
00:02:52]} {[%emt 00:00:05]} 29. Bxc5 {[%clk 00:01:08]} {[%emt 00:00:25]} bxc5
{[%clk 00:02:54]} {[%emt 00:00:01]} 30. Kf2 {[%clk 00:01:07]} {[%emt 00:00:04]}
b3 {[%clk 00:02:43]} {[%emt 00:00:14]} 31. Rxe2 {[%clk 00:00:59]} {[%emt
00:00:12]} Nf4 {[%clk 00:02:38]} {[%emt 00:00:08]} 32. Ne6 {[%clk 00:00:50]}
{[%emt 00:00:11]} Nxe2 {[%clk 00:02:34]} {[%emt 00:00:06]} 33. Nxd8 {[%clk
00:00:51]} {[%emt 00:00:02]} Nd4 {[%clk 00:02:32]} {[%emt 00:00:06]} 34. Nf7
{[%clk 00:00:51]} {[%emt 00:00:03]} Rf8 {[%clk 00:02:33]} {[%emt 00:00:02]} 35.
c3 {[%clk 00:00:53]} {[%emt 00:00:02]} Rxf7 {[%clk 00:02:32]} {[%emt 00:00:04]}
36. cxd4 {[%clk 00:00:54]} {[%emt 00:00:01]} cxd4 {[%clk 00:02:33]} 37. Ke2
{[%clk 00:00:41]} {[%emt 00:00:17]} c5 {[%clk 00:01:49]} {[%emt 00:00:46]} 38.
Kd3 {[%clk 00:00:38]} {[%emt 00:00:06]} Rg7 {[%clk 00:01:48]} {[%emt 00:00:04]}
39. Rxh6 {[%clk 00:00:17]} {[%emt 00:00:24]} Rxg2 {[%clk 00:01:50]} {[%emt
00:00:02]} 40. Rc6+ {[%clk 00:00:18]} Kb7 {[%clk 00:01:49]} {[%emt 00:00:03]}
41. Rxc5 {[%clk 00:00:20]} {[%emt 00:00:02]} Rxb2 {[%clk 00:01:51]} {[%emt
00:00:02]} 42. Kxd4 {[%clk 00:00:19]} {[%emt 00:00:04]} Rd2+ {[%clk 00:01:42]}
{[%emt 00:00:11]} 43. Ke3 {[%clk 00:00:11]} {[%emt 00:00:12]} Ra2 {[%clk
00:01:35]} {[%emt 00:00:09]} 44. Rb5+ {[%clk 00:00:08]} {[%emt 00:00:06]} Kc6
{[%clk 00:01:37]} {[%emt 00:00:01]} 45. Rxb3 {[%clk 00:00:10]} Rxa4 {[%clk
00:01:40]} 46. Rd3 {[%clk 00:00:12]} {[%emt 00:00:01]} Ra7 {[%clk 00:01:36]}
{[%emt 00:00:06]} 47. Kf4 {[%clk 00:00:13]} {[%emt 00:00:03]} Ra8 {[%clk
00:01:30]} {[%emt 00:00:09]} 48. Ke5 {[%clk 00:00:09]} {[%emt 00:00:07]} Re8+
{[%clk 00:01:32]} 49. Kf6 {[%clk 00:00:11]} {[%emt 00:00:01]} Rf8 {[%clk
00:01:34]} {[%emt 00:00:01]} 50. Ke7 {[%clk 00:00:13]} {[%emt 00:00:01]} Rf4
{[%clk 00:01:34]} {[%emt 00:00:02]} 51. Ke6 {[%clk 00:00:15]} {[%emt 00:00:01]}
Rf8 {[%clk 00:01:28]} {[%emt 00:00:08]} 52. Rc3+ {[%clk 00:00:17]} {[%emt
00:00:02]} Kb7 {[%clk 00:01:30]} {[%emt 00:00:02]} 53. Ke5 {[%clk 00:00:14]}
{[%emt 00:00:05]} Re8+ {[%clk 00:01:31]} {[%emt 00:00:02]} 54. Kf4 {[%clk
00:00:11]} {[%emt 00:00:05]} Rf8+ {[%clk 00:01:33]} {[%emt 00:00:02]} 55. Kg3
{[%clk 00:00:12]} {[%emt 00:00:02]} Rg8+ {[%clk 00:01:35]} {[%emt 00:00:01]} 56.
Kf2 {[%clk 00:00:14]} Rf8 {[%clk 00:01:30]} {[%emt 00:00:08]} 57. Rc4 {[%clk
00:00:13]} {[%emt 00:00:05]} Kb6 {[%clk 00:01:24]} {[%emt 00:00:09]} 58. f4
{[%clk 00:00:11]} {[%emt 00:00:04]} Kb5 {[%clk 00:01:26]} {[%emt 00:00:02]} 59.
Rd4 {[%clk 00:00:13]} Kc5 {[%clk 00:01:27]} {[%emt 00:00:03]} 60. Ke3 {[%clk
00:00:15]} Re8+ {[%clk 00:01:29]} 61. Kd3 {[%clk 00:00:16]} {[%emt 00:00:03]}
Rf8 {[%clk 00:01:32]} 62. Ke3 {[%clk 00:00:14]} {[%emt 00:00:04]} Re8+ {[%clk
00:01:34]} 63. Re4 {[%clk 00:00:16]} {[%emt 00:00:01]} Rf8 {[%clk 00:01:35]}
{[%emt 00:00:01]} 64. Kf3 {[%clk 00:00:14]} {[%emt 00:00:06]} Kd5 {[%clk
00:01:33]} {[%emt 00:00:05]} 65. Re1 {[%clk 00:00:15]} {[%emt 00:00:01]} Kd6
{[%clk 00:01:27]} {[%emt 00:00:10]} 66. Kg4 {[%clk 00:00:16]} Rg8+ {[%clk
00:01:29]} {[%emt 00:00:01]} 67. Kh5 {[%clk 00:00:19]} Rh8+ {[%clk 00:01:29]}
{[%emt 00:00:03]} 68. Kg6 {[%clk 00:00:20]} Rg8 {[%clk 00:01:11]} {[%emt
00:00:21]} 69. Kf7 {[%clk 00:00:21]} {[%emt 00:00:02]} Ra8 {[%clk 00:01:11]}
{[%emt 00:00:02]} 70. f5 {[%clk 00:00:23]} {[%emt 00:00:03]} Ra7+ {[%clk
00:01:13]} {[%emt 00:00:01]} 71. Kg6 {[%clk 00:00:24]} Ra2 {[%clk 00:01:01]}
{[%emt 00:00:15]} 72. f6 {[%clk 00:00:26]} {[%emt 00:00:01]} Rg2 {[%clk
00:01:03]} {[%emt 00:00:02]} 73. Kf7 {[%clk 00:00:28]} {[%emt 00:00:01]} Rf2
{[%clk 00:01:04]} {[%emt 00:00:01]} 74. Kg7 {[%clk 00:00:19]} {[%emt 00:00:11]}
Rg2+ {[%clk 00:01:04]} {[%emt 00:00:03]} 75. Kf8 {[%clk 00:00:21]} {[%emt
00:00:01]} Kd7 {[%clk 00:01:05]} {[%emt 00:00:02]} 76. f7 {[%clk 00:00:23]}
{[%emt 00:00:02]} Rf2 {[%clk 00:01:05]} {[%emt 00:00:03]} 77. Rd1+ {[%clk
00:00:25]} {[%emt 00:00:01]} Kc7 {[%clk 00:01:04]} {[%emt 00:00:03]} 78. Rd4
{[%clk 00:00:26]} {[%emt 00:00:02]} Kc6 {[%clk 00:01:01]} {[%emt 00:00:07]} 79.
Kg7 {[%clk 00:00:24]} {[%emt 00:00:03]} Rg2+ {[%clk 00:01:02]} {[%emt
00:00:04]} 80. Kf6 {[%clk 00:00:26]} Rf2 {[%clk 00:01:03]} {[%emt 00:00:01]} 81.
Ke6 {[%clk 00:00:27]} {[%emt 00:00:02]} Kc7 {[%clk 00:01:02]} {[%emt 00:00:05]}
82. Rd5 {[%clk 00:00:29]} {[%emt 00:00:02]} 1-0

[Event "FIDE World Cup 2025"]
[Site "Goa, India"]
[Date "2025.11.03"]
[Round "8.3"]
[White "Warmerdam, Max"]
[Black "Lalit, Babu M R"]
[Result "1-0"]
[TimeControl ": 90 minutes for the first 40 moves, followed by 30 minutes for the rest of the gamewith an increment of 30 seconds per move starting from move 1"]
[WhiteFideId "1048104"]
[BlackFideId "5024595"]
[WhiteElo "2582"]
[BlackElo "2502"]

1. Nf3 {[%clk 00:05:05]} Nc6 {[%clk 00:05:05]} {[%emt 00:00:01]} 2. e4 {[%clk
00:05:05]} {[%emt 00:00:03]} d6 {[%clk 00:05:07]} 3. d4 {[%clk 00:05:07]}
{[%emt 00:00:02]} Nf6 {[%clk 00:05:09]} {[%emt 00:00:01]} 4. c3 {[%clk
00:05:08]} g6 {[%clk 00:05:07]} {[%emt 00:00:06]} 5. Bd3 {[%clk 00:05:10]} Bg7
{[%clk 00:05:09]} {[%emt 00:00:01]} 6. h3 {[%clk 00:05:11]} {[%emt 00:00:02]}
e5 {[%clk 00:05:07]} {[%emt 00:00:05]} 7. O-O {[%clk 00:05:12]} {[%emt
00:00:02]} O-O {[%clk 00:05:08]} {[%emt 00:00:02]} 8. Re1 {[%clk 00:05:14]} Nh5
{[%clk 00:05:02]} {[%emt 00:00:09]} 9. Bg5 {[%clk 00:05:10]} {[%emt 00:00:06]}
Qe8 {[%clk 00:05:01]} {[%emt 00:00:05]} 10. dxe5 {[%clk 00:05:04]} {[%emt
00:00:10]} Nxe5 {[%clk 00:04:38]} {[%emt 00:00:25]} 11. Nxe5 {[%clk 00:05:05]}
{[%emt 00:00:03]} dxe5 {[%clk 00:04:40]} {[%emt 00:00:01]} 12. Nd2 {[%clk
00:05:03]} {[%emt 00:00:05]} h6 {[%clk 00:04:39]} {[%emt 00:00:04]} 13. Be3
{[%clk 00:05:04]} {[%emt 00:00:01]} Qe7 {[%clk 00:04:34]} {[%emt 00:00:08]} 14.
Nf3 {[%clk 00:04:37]} {[%emt 00:00:30]} Be6 {[%clk 00:04:19]} {[%emt 00:00:18]}
15. Qe2 {[%clk 00:04:29]} {[%emt 00:00:11]} Kh7 {[%clk 00:03:55]} {[%emt
00:00:27]} 16. Bc4 {[%clk 00:04:25]} {[%emt 00:00:07]} Bd7 {[%clk 00:03:24]}
{[%emt 00:00:34]} 17. Rad1 {[%clk 00:04:26]} Rad8 {[%clk 00:03:24]} {[%emt
00:00:04]} 18. b4 {[%clk 00:03:35]} {[%emt 00:00:53]} b6 {[%clk 00:03:20]}
{[%emt 00:00:07]} 19. Rd2 {[%clk 00:03:35]} {[%emt 00:00:03]} Bc6 {[%clk
00:03:14]} {[%emt 00:00:10]} 20. Rxd8 {[%clk 00:02:19]} {[%emt 00:01:19]} Rxd8
{[%clk 00:03:14]} {[%emt 00:00:03]} 21. Qc2 {[%clk 00:02:20]} {[%emt 00:00:02]}
Nf4 {[%clk 00:03:03]} {[%emt 00:00:14]} 22. Bxf4 {[%clk 00:02:14]} {[%emt
00:00:09]} exf4 {[%clk 00:03:04]} 23. b5 {[%clk 00:01:46]} {[%emt 00:00:32]}
Bb7 {[%clk 00:02:59]} {[%emt 00:00:08]} 24. Bd5 {[%clk 00:01:48]} {[%emt
00:00:01]} Bxd5 {[%clk 00:02:48]} {[%emt 00:00:16]} 25. exd5 {[%clk 00:01:50]}
{[%emt 00:00:01]} Qc5 {[%clk 00:02:50]} 26. Qe4 {[%clk 00:01:20]} {[%emt
00:00:32]} Rxd5 {[%clk 00:02:47]} {[%emt 00:00:06]} 27. c4 {[%clk 00:01:09]}
{[%emt 00:00:15]} Rd7 {[%clk 00:02:16]} {[%emt 00:00:34]} 28. Qxf4 {[%clk
00:01:06]} {[%emt 00:00:05]} c6 {[%clk 00:02:14]} {[%emt 00:00:06]} 29. a4
{[%clk 00:01:02]} {[%emt 00:00:06]} cxb5 {[%clk 00:02:06]} {[%emt 00:00:10]} 30.
cxb5 {[%clk 00:01:03]} {[%emt 00:00:03]} Qc3 {[%clk 00:02:02]} {[%emt
00:00:07]} 31. h4 {[%clk 00:01:01]} {[%emt 00:00:05]} Qc5 {[%clk 00:01:45]}
{[%emt 00:00:20]} 32. g3 {[%clk 00:00:44]} {[%emt 00:00:20]} Qd5 {[%clk
00:01:38]} {[%emt 00:00:10]} 33. Kg2 {[%clk 00:00:45]} {[%emt 00:00:02]} Qb7
{[%clk 00:01:29]} {[%emt 00:00:12]} 34. Qe4 {[%clk 00:00:46]} {[%emt 00:00:01]}
Qc7 {[%clk 00:01:28]} {[%emt 00:00:04]} 35. Re2 {[%clk 00:00:46]} {[%emt
00:00:03]} Qc5 {[%clk 00:01:26]} {[%emt 00:00:05]} 36. Rc2 {[%clk 00:00:46]}
{[%emt 00:00:03]} Qa3 {[%clk 00:01:05]} {[%emt 00:00:24]} 37. h5 {[%clk
00:00:43]} {[%emt 00:00:07]} Re7 {[%clk 00:01:07]} 38. Qf4 {[%clk 00:00:34]}
{[%emt 00:00:13]} Qb3 {[%clk 00:00:55]} {[%emt 00:00:15]} 39. Qc4 {[%clk
00:00:35]} {[%emt 00:00:01]} Qb1 {[%clk 00:00:50]} {[%emt 00:00:08]} 40. Qa2
{[%clk 00:00:10]} {[%emt 00:00:28]} Qxa2 {[%clk 00:00:29]} {[%emt 00:00:24]} 41.
hxg6+ {[%clk 00:00:12]} Kxg6 {[%clk 00:00:28]} {[%emt 00:00:05]} 42. Rxa2
{[%clk 00:00:14]} Bc3 {[%clk 00:00:26]} {[%emt 00:00:05]} 43. Rc2 {[%clk
00:00:13]} {[%emt 00:00:03]} Bf6 {[%clk 00:00:16]} {[%emt 00:00:13]} 44. Rc4
{[%clk 00:00:12]} {[%emt 00:00:04]} Rd7 {[%clk 00:00:13]} {[%emt 00:00:06]} 45.
Nh4+ {[%clk 00:00:12]} {[%emt 00:00:04]} Kh7 {[%clk 00:00:13]} {[%emt
00:00:03]} 46. Nf3 {[%clk 00:00:09]} {[%emt 00:00:06]} Kg7 {[%clk 00:00:13]}
{[%emt 00:00:03]} 47. Kf1 {[%clk 00:00:09]} {[%emt 00:00:03]} Rd3 {[%clk
00:00:15]} {[%emt 00:00:02]} 48. Ke2 {[%clk 00:00:08]} {[%emt 00:00:03]} Ra3
{[%clk 00:00:17]} {[%emt 00:00:01]} 49. Nd2 {[%clk 00:00:07]} {[%emt 00:00:03]}
Ra2 {[%clk 00:00:19]} {[%emt 00:00:01]} 50. Ke3 {[%clk 00:00:08]} {[%emt
00:00:02]} Bg5+ {[%clk 00:00:20]} {[%emt 00:00:02]} 51. f4 {[%clk 00:00:10]}
Be7 {[%clk 00:00:19]} {[%emt 00:00:04]} 52. Ne4 {[%clk 00:00:12]} {[%emt
00:00:01]} Bf8 {[%clk 00:00:15]} {[%emt 00:00:08]} 53. Nc3 {[%clk 00:00:12]}
Ra1 {[%clk 00:00:15]} {[%emt 00:00:03]} 54. Kf3 {[%clk 00:00:12]} {[%emt
00:00:04]} Ra3 {[%clk 00:00:16]} {[%emt 00:00:02]} 55. Kg4 {[%clk 00:00:13]}
{[%emt 00:00:01]} Kg6 {[%clk 00:00:10]} {[%emt 00:00:10]} 56. Rc6+ {[%clk
00:00:15]} Kg7 {[%clk 00:00:12]} 57. Rc4 {[%clk 00:00:17]} Ra1 {[%clk
00:00:13]} {[%emt 00:00:03]} 58. Ne4 {[%clk 00:00:18]} {[%emt 00:00:02]} Re1
{[%clk 00:00:08]} {[%emt 00:00:09]} 59. Kf5 {[%clk 00:00:20]} Ra1 {[%clk
00:00:07]} {[%emt 00:00:03]} 60. Rd4 {[%clk 00:00:20]} {[%emt 00:00:03]} Ba3
{[%clk 00:00:07]} {[%emt 00:00:04]} 61. Rd7 {[%clk 00:00:19]} {[%emt 00:00:03]}
1-0